| 000 | 00427nam a2200157Ia 4500 | ||
|---|---|---|---|
| 005 | 20250606015814.0 | ||
| 008 | 240331s9999 xx 000 0 und d | ||
| 020 | _a9558596299 | ||
| 082 |
_bJAY _a306 |
||
| 100 | _aJayatunghe,N | ||
| 245 | 0 | _aVivahaya pilibanda samaja vidyathmaka vimasumak | |
| 260 |
_aJa ela _bSamantha Book Publishers _c2005 |
||
| 300 | _a116 p ., | ||
| 500 | _aA Sociological Study of Marriage | ||
| 942 | _cL | ||
| 999 |
_c5235 _d5235 |
||